Detalles MARC
| 000 -LEADER |
| fixed length control field |
01841 am a2200469 a 4500 |
| 005 - FECHA ULTIMA MODIFICACION |
| control field |
20240416133902.0 |
| 008 - CAMPO DE CONTROL (LIBRO) |
| fixed length control field |
131117t2006||||ag a f |||| 001 0 spa d |
| 020 ## - INTERNATIONAL STANDARD BOOK NUMBER |
| ISBN |
9871259042 |
| 041 ## - CODIGO DE IDIOMA |
| Código de idioma del texto/pista de sonido o título separado |
spa |
| 092 ## - SIGNATURA TOPOGRAFICA DEWEY LOCAL |
| número de clasificación |
616.075 |
| libristica |
46 |
| sección |
KAZ |
| 100 1# - ENTRADA PRINCIPAL--NOMBRE PERSONAL |
| Nombre personal |
kazerooni, Ella A. |
| 9 (RLIN) |
3372 |
| 245 ## - TITULO PROPIAMENTE DICHO |
| Título |
Radiología cardiopulmonar / |
| Mención de responsabilidad y remanente de la transcripción de la portada |
Ella A. Kazerooni |
| 250 ## - MENCION DE EDICION |
| Mención de edición |
1a ed. |
| Mención de responsabilidad relacionada con la ed. |
Traducción Mariano M. Volpacchio y Mario Santamarina |
| 260 ## - PIE DE IMPRENTA |
| Lugar de publicación, distribución, etc |
Buenos Aires: |
| Nombre de la editorial, distribuidor, etc |
Journal; |
| Fecha de publicación |
2006. |
| 300 ## - DESCRIPCION FISICA |
| Extension |
664 p. |
| Dimensiones |
28x20 cm. |
| 500 ## - NOTA GENERAL |
| Nota general |
kazerooni, E. A. y Gross, B. H. (Col.). (2006). Radiología cardiopulmonar. (1a ed.). Buenos Aires : Journal. |
| 590 ## - NOTAS LOCALES (RLIN) |
| Nota local |
Donación Noviembre 2017 |
| 653 ## - TÉRMINO INDIZADO - PALABRAS CLAVES |
| Palabra clave |
Anatomía y fisiología torácicas básicas |
| 653 ## - TÉRMINO INDIZADO - PALABRAS CLAVES |
| Palabra clave |
Métodos de imágenes y aplicaciones |
| 653 ## - TÉRMINO INDIZADO - PALABRAS CLAVES |
| Palabra clave |
Introducción a la radiografía de tórax |
| 653 ## - TÉRMINO INDIZADO - PALABRAS CLAVES |
| Palabra clave |
Informe radiográfico |
| 653 ## - TÉRMINO INDIZADO - PALABRAS CLAVES |
| Palabra clave |
Neumonía en pacientes inmunocompetentes |
| 653 ## - TÉRMINO INDIZADO - PALABRAS CLAVES |
| Palabra clave |
Infecciones en el paciente inmunocomprometido |
| 653 ## - TÉRMINO INDIZADO - PALABRAS CLAVES |
| Palabra clave |
Cáncer del pulmón |
| 653 ## - TÉRMINO INDIZADO - PALABRAS CLAVES |
| Palabra clave |
Neoplasias torácicas |
| 653 ## - TÉRMINO INDIZADO - PALABRAS CLAVES |
| Palabra clave |
Radiología de las masas del mediastino |
| 653 ## - TÉRMINO INDIZADO - PALABRAS CLAVES |
| Palabra clave |
Evaluación del tórax en el paciente en estado crítico mediante métodos por imágenes |
| 653 ## - TÉRMINO INDIZADO - PALABRAS CLAVES |
| Palabra clave |
Vías, tubos y otros dispositivos |
| 653 ## - TÉRMINO INDIZADO - PALABRAS CLAVES |
| Palabra clave |
Trauma de tórax |
| 653 ## - TÉRMINO INDIZADO - PALABRAS CLAVES |
| Palabra clave |
Manifestaciones pulmonares de enfermedades sistemicas |
| 653 ## - TÉRMINO INDIZADO - PALABRAS CLAVES |
| Palabra clave |
Enfermedad pulmonar difusa |
| 653 ## - TÉRMINO INDIZADO - PALABRAS CLAVES |
| Palabra clave |
Enfermedad pulmonar obstructiva |
| 653 ## - TÉRMINO INDIZADO - PALABRAS CLAVES |
| Palabra clave |
Las vias aéras centrales |
| 653 ## - TÉRMINO INDIZADO - PALABRAS CLAVES |
| Palabra clave |
Radiología de la pleura |
| 653 ## - TÉRMINO INDIZADO - PALABRAS CLAVES |
| Palabra clave |
La aorta torácica |
| 653 ## - TÉRMINO INDIZADO - PALABRAS CLAVES |
| Palabra clave |
Enfermedad cardíaca congénita del adulto |
| 653 ## - TÉRMINO INDIZADO - PALABRAS CLAVES |
| Palabra clave |
Enfermedad cardíaca adquirida |
| 653 ## - TÉRMINO INDIZADO - PALABRAS CLAVES |
| Palabra clave |
Enfermedad vascular pulmonar |
| 653 ## - TÉRMINO INDIZADO - PALABRAS CLAVES |
| Palabra clave |
Técnicas de intervencionismo torácico |
| 700 1# - ENTRADAS SECUNDARIAS - NOMBRE PERSONAL |
| Nombre personal |
Gross, Barry H. |
| 9 (RLIN) |
802 |
| 942 ## - ADDED ENTRY ELEMENTS (KOHA) |
| Source of classification or shelving scheme |
Dewey Decimal Classification |
| Item type |
Libros |